000
00269nam a2200109Ia 4500
008
220204s9999 xx 000 0 und d
082
_a
338.45(058)(540)
_b
IND
245
0
_a
Indian industries
250
_a
Ed.15
260
_a
Bombay
_b
Indian Industries
_c
1980
942
_c
BK
999
_c
40347
_d
40347